A minha primeira enciclopédia da História (Registo nº 3209)

Detalhes MARC
000 -Etiqueta do registo
Cabeçalho 00891nam a22003131 4500
005 - Identificador da versão
Campo de controlo 20240813121956.0
010 ## - Número internacional normalizado dos livros (ISBN)
Número (ISBN) 9720704861
021 ## - Número do Depósito Legal
Código do país PT
Número 202932/03
100 ## - Dados gerais de processamento
Dados gerais de processamento 20050624d2004 cd y0pory5003 ba
102 ## - Pais de publicação ou produção
País de publicação Portugal
101 1# - Língua de publicação
Língua do texto, banda sonora, etc. Português
Língua do documento no original Inglês
106 ## - Campo de dados codificados: material textual
Dados codificados do material textual r
105 ## - Campo de dados codificados: livros
Dados codificados dos livros a f 001yy
215 ## - Descrição física 
Indicação específica da natureza do documento e extensão da espécie 63, [1] p.
Outras indicações físicas il.
Dimensões 29 cm
200 1# - Titulo e menção de responsabilidade
Título próprio A minha primeira enciclopédia da História
Primeira menção de responsabilidade Fiona Chandler
Outras menções de responsabilidade il. David Hancock
-- adapt. Filipa Aranda
225 2# - Colecção 
Título próprio da colecção Mundo activo
210 ## - Publicação, Distribuição, etc. 
Lugar da edição, distribuição, etc. Porto
Nome do editor, distribuidor, etc. Porto Editora
Data da publicação, distribuição, etc. 2004
606 ## - Nome comum usado como assunto
Número de registo de entrada de autoridade 0001728
Palavra de ordem História
Número de registo de entrada de autoridade 0002435
Palavra de ordem Enciclopédias
675 ## - Classificação Decimal Universal (CDU)
Notação 93
Edição
Língua da edição por
Notação 03
Edição
Língua da edição por
702 #1 - Nome de autor-pessoa física (responsabilidade secundária)
Número de registo de entrada de autoridade 0001928
Palavra de ordem Hancock
Outra parte do nome não tomada para palavra de ordem David
Código de função Ilustrador / Técnico de desenho computorizado
Número de registo de entrada de autoridade 0002482
Palavra de ordem Aranda
Outra parte do nome não tomada para palavra de ordem Filipa
Código de função Adaptador
700 #1 - Nome de autor-pessoa física (responsabilidade principal)
Número de registo de entrada de autoridade 0002032
Palavra de ordem Chandler
Outra parte do nome não tomada para palavra de ordem Fiona
942 ## - Elementos de entrada adicionados (Koha)
Tipo de item no Koha Livro
Exemplares
Situação do levantamento Origin of item (home branch) (coded) Biblioteca de empréstimo Código de barras Cota Circulation type (not for loan) Tipo de documento Nota do exemplar Damaged status
  Biblioteca Escolar da Coca Maravilhas Biblioteca Escolar da Coca Maravilhas BECM6989/05 9HIS CHA   Livro Sem mensagem